Marián Gallo

Bibliographic Details
Main Author: Štúrová, Nelly, 1929-1998 (Author)
Format: Article
Language:Slovak
Subjects:

MARC

LEADER 00000nab a2200000 a 4500
001 vtls000001859
003 SK-MaSNL
005 20260303021521.0
008 140416c1978 xo 0 slo
015 |a SNBRB19rr/mm-uuuuu 
035 |a CL0011951 
040 |a SNKBUCL  |b slo  |c SNKBUCL  |e AACR2 
041 0 |a slo 
044 |a xo  |c SK 
080 |a 792  |2 1981 
080 |a 92 Gallo, Marián  |2 1981 
100 1 |a Štúrová, Nelly,  |d 1929-1998  |4 aut  |9 100601 
245 1 0 |a Marián Gallo  |c Nelly Štúrová 
600 1 7 |a Gallo, Marián,  |d 1928-2001  |2 snkbucl  |9 20589 
655 7 |a články z novín a časopisov  |2 snkbucl  |9 267496 
773 0 |t Javisko  |g Roč. 10, č. 6 (1978), s. 170 
850 |a Slovenská národná knižnica v Martine  |a MTA001 
852 |a SNK  |b KIS3GCP 
958 |a RK 
992 |a RBX 
999 |c 1623706  |d 1625636